| 000 | 00000nam##2200000za#4500 |
| 001 | 9.647763 |
| 003 | CaOODSP |
| 005 | 20200330131325 |
| 007 | ta |
| 008 | 150407|2000||||xxc||||| f|0| 0 eng|d |
| 020 | |a0-660-18199-1 |
| 040 | |aCaOODSP|beng |
| 043 | |an-cn--- |
| 086 | 1 |aSN3-329/2000E |
| 110 | 1 |aCanada.|bNational Library of Canada. |
| 245 | 14|aThe Oscar Peterson fonds : |bnumerical list / |cby Stéphane Jean. |
| 260 | |aOttawa - Ontario : |bNational Library of Canada |c2000. |
| 300 | |a43p. ; |c28 cm. |
| 500 | |aN.B.: Incorrect catalogue number (SN3-329/2000E-IN) printed in this publication. |
| 563 | |aSpiral binding |
| 590 | |a00-31|b2000-08-04 |
| 690 | 07|aMusic|2gcpds |
| 690 | 07|aArchives|2gcpds |
| 720 | 1 |aJean, Stéphan |
| 775 | 08|tLe fonds Oscar-Peterson : |w(CaOODSP)9.681144 |
| 776 | 0#|tThe Oscar Peterson fonds : |w(CaOODSP)9.695952 |